000 00275nam a2200097Ia 4500
001 1186587
005 20250827020955.0
008 250824s9999 xx 000 0 und d
245 0 _aEKOLOJİK ELMAS KORUYUCULARI •Ö4 ¨80
_cELÇİN KUZUCU
260 _bMARTI ÇOCUK YAYINLARI
999 _c1186587
_d1186587